| 000 | 00000nam 2200000za 4500 |
| 001 | 9.591149 |
| 003 | CaOODSP |
| 005 | 20210624200501 |
| 007 | cr ||||||||||| |
| 008 | 150406s2002||||xxc|||||o f|0| 0 fre d |
| 020 | |a0-662-87812-4 |
| 040 | |aCaOODSP|bfre |
| 043 | |an-cn--- |
| 086 | 1 |aCW69-14/214-2002F-IN |
| 110 | 2 |aService canadien de la faune. |
| 245 | 10|aMise à jour, évaluation et rapport de situation du COSEPAC sur le caribou des bois, Rangifer tarandus caribou, population de la Gaspésie-Atlantique, population boréale, population des montagnes du Sud, population des montagnes du Nord, population de Terre-Neuve, au Canada |h[ressource électronique]. |
| 260 | |aOttawa - Ontario : |bEnvironnement Canada, |c2002. |
| 300 | |a124 p.|bill. en couleur, figures, références, tableaux |
| 500 | |aPubl. aussi en anglais sous le titre : COSEWIC assessment and update status report on the Woodland caribou, Rangifer tarandus caribou, Atlantic-Gaspesie population, Boreal population, Southern Mountain population, Northern Moutain population, Newfoundland population, in Canada. |
| 590 | |a06-13-Supp|b2006-12-15 |
| 691 | 07|aAnimal|2gcpds |
| 691 | 07|aEspèce menacée|2gcpds |
| 775 | 08|tCOSEWIC assessment and update status report on the Woodland caribou, Rangifer tarandus caribou, Atlantic-Gaspesie population, Boreal population, Southern Mountain population, Northern Moutain population, Newfoundland population, in Canada |w(CaOODSP)9.558245 |
| 856 | 40|ahttp://publications.gc.ca|qPDF|s669 Ko|uhttps://publications.gc.ca/collections/Collection/CW69-14-214-2002F.pdf |